Анализ иностранных инвестиций в экономике России (2009-2014 г.г.); Прогрессивные технологии и экономика в машиностроении

التفاصيل البيبلوغرافية
Parent link:Прогрессивные технологии и экономика в машиностроении.— 2015.— [С. 384-386]
المؤلف الرئيسي: Ванеева М. С.
مؤلف مشترك: Национальный исследовательский Томский политехнический университет (ТПУ) Юргинский технологический институт (филиал) (ЮТИ) Кафедра экономики и автоматизироанных систем управления (ЭАСУ)
مؤلفون آخرون: Кононыхина А. Д. (научный руководитель), Момот М. В. Михаил Викторович
الملخص:Заглавие с экрана
اللغة:الروسية
منشور في: 2015
سلاسل:Экономика, менеджмент и маркетинг на предприятии
الموضوعات:
الوصول للمادة أونلاين:http://earchive.tpu.ru/handle/11683/17709
http://www.lib.tpu.ru/fulltext/c/2015/C57/164.pdf
التنسيق: الكتروني فصل الكتاب
KOHA link:https://koha.lib.tpu.ru/cgi-bin/koha/opac-detail.pl?biblionumber=611859

MARC

LEADER 00000naa2a2200000 4500
001 611859
005 20260417123911.0
035 |a (RuTPU)RU\TPU\conf\9706 
035 |a RU\TPU\conf\9701 
090 |a 611859 
100 |a 20150422d2015 k y0rusy50 ca 
101 0 |a rus 
102 |a RU 
135 |a drcn ---uucaa 
181 0 |a i  
182 0 |a b 
200 1 |a Анализ иностранных инвестиций в экономике России (2009-2014 г.г.)  |f М. С. Ванеева, А. Д. Кононыхина  |g науч. рук. М. В. Момот 
203 |a Текст  |c электронный 
215 |a 1 файл(271 Кб) 
225 1 |a Экономика, менеджмент и маркетинг на предприятии 
300 |a Заглавие с экрана 
320 |a [Библиогр.: с. 386 (4 назв.)] 
337 |a Adobe Reader 
463 1 |0 (RuTPU)RU\TPU\conf\9525  |t Прогрессивные технологии и экономика в машиностроении  |o сборник трудов VI Всероссийской научно-практической конференции для студентов и учащейся молодежи, 9-11 апреля 2015 г., Юрга  |f Национальный исследовательский Томский политехнический университет (ТПУ), Юргинский технологический институт (ЮТИ) ; под ред. Д. А. Чинахова  |v [С. 384-386]  |d 2015 
610 1 |a электронный ресурс 
610 1 |a труды учёных ТПУ 
610 1 |a иностранные инвестиции 
610 1 |a экономика 
610 1 |a Россия 
700 1 |a Ванеева  |b М. С. 
701 1 |a Кононыхина  |b А. Д. 
702 1 |a Момот  |b М. В.  |c российский учёный в области экономических наук  |c заведующий кафедрой Юргинского технологического института (филиал) Томского политехнического университета  |g Михаил Викторович  |4 727 
712 0 2 |a Национальный исследовательский Томский политехнический университет (ТПУ)  |b Юргинский технологический институт (филиал) (ЮТИ)  |b Кафедра экономики и автоматизироанных систем управления (ЭАСУ)  |3 (RuTPU)RU\TPU\col\18900 
801 1 |a RU  |b 63413507  |c 20101016 
801 2 |a RU  |b 63413507  |c 20210212  |g RCR 
856 4 |u http://earchive.tpu.ru/handle/11683/17709 
856 4 |u http://www.lib.tpu.ru/fulltext/c/2015/C57/164.pdf 
942 |c BK